Selected speeches and writings /

Bibliographic Details
Main Author: Suslov, M. A. (Mikhail Andreevich), 1902-1982
Format: Book
Language:English
Russian
Published: Oxford ; Elmsford, N.Y. : Pergamon Press, 1980.
Edition:1st ed.
Subjects:

MARC

Tag First Indicator Second Indicator Subfields
LEADER 00000pam a2200000 a 4500
001 in00000091009
005 20151008063851.0
008 790913s1980 enk b 00110 engm
010 |a  79041075  
015 |a GB80 
020 |a 0080236022 :  |c 25.00 ($50.00) 
035 |a (OCoLC)05565090 
035 |9 AAK3076AM 
040 |a DLC  |c DLC  |d TXA  |d UtOrBLW 
041 1 |a eng  |a rus 
043 |a e-ur--- 
049 |a TXAM  |c [932849] 
050 0 0 |a DK268.S94  |b A25 1980 
082 0 |a 947.084 
100 1 |a Suslov, M. A.  |q (Mikhail Andreevich),  |d 1902-1982. 
245 1 0 |a Selected speeches and writings /  |c by M.A. Suslov. 
250 |a 1st ed. 
264 1 |a Oxford ;  |a Elmsford, N.Y. :  |b Pergamon Press,  |c 1980. 
300 |a vi, 373 pages ;  |c 22 cm. 
336 |a text  |b txt  |2 rdacontent 
337 |a unmediated  |b n  |2 rdamedia 
338 |a volume  |b nc  |2 rdacarrier 
504 |a Includes bibliographical references and index. 
651 0 |a Soviet Union  |x Politics and government. 
999 |a MARS 
999 f f |s 627ed8ea-6176-3f7c-96c4-992e4d2e679e  |i d2f43cd8-12ba-3a9c-9186-0eda5813bcdd  |t 0 
952 f f |p normal  |a Texas A&M University  |b College Station  |c Sterling C. Evans Library  |d Evans: Library Stacks  |t 0  |e DK268.S94 A25 1980  |h Library of Congress classification  |i unmediated -- volume  |m A14806099460 
998 f f |a DK268.S94 A25 1980  |t 0  |l Evans: Library Stacks